[Event "Bashkortostan-ch"]
[Site "Ufa"]
[Date "2018.12.20"]
[Round "5"]
[White "Norkin, Yaks"]
[Black "Gumenniy, Evgeny"]
[Result "1-0"]
[WhiteElo "1759"]
[BlackElo "1983"]
[PlyCount "95"]
[EventDate "2018.12.16"]
[EventType "tourn"]
[EventRounds "9"]
[EventCountry "RUS"]
[SourceTitle "CBM 188 Extra"]
[Source "ChessBase"]
[SourceDate "2019.02.26"]
[SourceVersion "1"]
[SourceVersionDate "2019.02.26"]
[SourceQuality "1"]

1. e4 c5 2. c3 d5 3. exd5 Qxd5 4. Nf3 Nf6 5. d4 g6 6. Be3 cxd4 7. cxd4 Bg7 8. Nc3 Qd8 9. Bc4 Nbd7 10. Bxf7+ Kxf7 11. Qb3+ Ke8 12. Ng5 e6 13. Nxe6 Qb6 14. Nxg7+ Ke7 15. Qa3+ Qd6 16. Qxd6+ Kxd6 17. Nb5+ Ke7 18. Nc7 Rb8 19. d5 b6 20. 0-0-0 Kf7 21. Nge6 h6 22. Rhe1 Bb7 23. Bf4 Rbc8 24. Kb1 g5 25. Bg3 a6 26. f3 Kg6 27. h4 Rhg8 28. d6 Kh7 29. hxg5 hxg5 30. Nd4 g4 31. Re7+ Kg6 32. fxg4 Bxg2 33. Bf4 Nc5 34. Nf5 Be4+ 35. Rxe4 Nfxe4 36. Ne7+ Kf7 37. Nxc8 Rxc8 38. Be5 Kg6 39. Nd5 Rd8 40. Nxb6 Nf2 41. Rd4 Ne6 42. Rc4 Nd3 43. Bg3 Rb8 44. Kc2 Nxb2 45. Kxb2 Rxb6+ 46. Kc3 Rb7 47. Rc7 Rb5 48. Rc6 1-0